Victoria 2 Most Likely Candidate: Being Annexed - Statistics

General Stats
  • This quiz has been taken 125 times
    122 since last reset
  • The average score is 10 of 27
Answer Stats
Answer % Correct
German Minor States
80%
Sokoto
69%
Italian Minor States
66%
Belgium
60%
Korea
55%
Luxembourg
54%
Oman
48%
Yemen
46%
Algeria
45%
Tripoli
44%
Ethiopia
43%
Tunis
43%
Zulu
36%
Burma
34%
Nejd
33%
Indian Minor Kingdoms
31%
Bukkhara
25%
Khiva
24%
Kokand
23%
Johore
22%
Chinese Substates
21%
Abu Dhabi
19%
Hejaz
19%
Bali
16%
Hawaii
15%
Moroco
12%
Atjeh
10%
No matching quizzes found
Score Distribution
Percent of People with Each Score
Percentile by Number Answered
Your Score History
You have not taken this quiz since the last reset